| 000 | 00480nam a2200133 a 4500 | ||
|---|---|---|---|
| 008 | 120416s1973 xx |||||||||||||| || u | ||
| 050 | _aTS 156.8 Ray | ||
| 100 | _aRay, W. Harmon | ||
| 245 | 1 | 0 | _aProcess optimization |
| 246 | _awith applications in metallurgy and chemical engineering | ||
| 260 | _c1973 | ||
| 350 | _a0.00 | ||
| 995 |
_D0.00 _FCBU-MAIN LIBRARY (Kitwe) _H1 _I49.95 _UAVAILABLE _ZAnnex Low-Usage Collection |
||
| 999 |
_c54856 _d54856 |
||